000 00410pab a2200157 454500
008 180718b2015 xxu||||| |||| 00| 0 eng d
100 _aJenis Mary P.
245 _aSituational analysis of marginalized children and child protection plan
260 _c2015
300 _ap.374-392.
362 _aOct-Dec
650 _aChild abuse
650 _aChild welfare
773 _aSocial Action
909 _a109669
999 _c109664
_d109664